000 00609nam a2200253 a 4500
001 nice12345678
003 IN_TiNIC
005 20260116013141.0
008 050524s1988 lona grp 000 0 eng
020 _a0860123
_c100
082 0 0 _a230
_bDUS
100 _aDussel, Enrique
245 _aEthics and Community
260 _aLondon
_bBurns and Oates
_c1988
300 _a260p
500 _aincludes index and biblioraphy
505 2 _aIndex
650 _aTheology
650 _aChristian Theology-Moral
700 1 _aDussel, Enrique
902 _bSRS
942 _cBK
999 _c9871
_d9871